Súčasné postavenie ekonomiky Švajčiarska bakalárska práca

Enregistré dans:
Détails bibliographiques
Auteur principal: Toldyová, Lívia
Collectivité auteur: Fakulta medzinárodných vzťahov EU. Katedra medzinárodných ekonomických vzťahov a hospodárskej diplomacie
Autres auteurs: Hlavová, Natália, 1991-
Format: Livre
Langue:slovaque
Publié: Bratislava 2018
Tags: Ajouter un tag
Pas de tags, Soyez le premier à ajouter un tag!

MARC

LEADER 00000nbm a2200000 4500
001 0244540
005 20180810103729.8
041 0 |a slo 
044 |a SK 
245 1 0 |a Súčasné postavenie ekonomiky Švajčiarska  |b bakalárska práca  |c Lívia Toldyová ; školiteľ: Natália Hlavová 
264 1 |a Bratislava  |c 2018 
300 |a 54 s. 
100 1 |a Toldyová, Lívia 
700 1 |a Hlavová, Natália, 1991- 
710 2 |a Fakulta medzinárodných vzťahov EU. Katedra medzinárodných ekonomických vzťahov a hospodárskej diplomacie